000 00353nam a2200133Ia 4500
008 240624s9999 xx 000 0 und d
041 _aeng
082 _a658.3 SOM
100 _aSOM ASHOK
245 _aORGANIZATION REDESIGN AND INNOVATIVE HRM
260 _c2008
_aNew Delhi
_bOxford University press
300 _a197 : p. : cm. ; 22
365 _cRS
_b30
999 _c12351
_d12351